First Names of Hockey Players - Statistics

General Stats
  • This quiz has been taken 41 times
  • The average score is 16 of 24
Answer Stats
First Name Last Name % Correct
Wayne Gretzky
97%
Connor McDavid
92%
Sidney Crosby
92%
Alex Ovechkin
90%
Bobby Orr
82%
Mario Lemieux
82%
Auston Matthews
77%
Jaromir Jagr
77%
Nathan MacKinnon
74%
Gordie Howe
72%
Leon Draisaitl
72%
Nikita Kucherov
69%
Cale Makar
64%
Patrick Roy
64%
Guy Lafleur
62%
Henrik Lundqvist
62%
Steve Yzerman
59%
Bobby Hull
54%
Jacques Plante
54%
Artemi Panarin
51%
Jean Béliveau
51%
Aleksander Barkov
49%
Maurice Richard
49%
Terry Sawchuck
33%
No matching quizzes found
Score Distribution
Percent of People with Each Score
Percentile by Number Answered
Your Score History
You have not taken this quiz